| 000 | 01100cad a22001935a 4500 | ||
|---|---|---|---|
| 001 | L150521 | ||
| 008 | 100722e2010 xxk 000 0 eng d | ||
| 035 | _a(Sirsi) u150521 | ||
| 041 | 0 | _aeng | |
| 110 | 2 |
_aUnited Kingdom _bDepartment for Environment, Food and Rural Affairs |
|
| 245 | 0 | 0 |
_aUK marine policy statement _ba draft for consultation (incorporating the Non Technical Summary of the Appraisal of Sustainability and Impact Assessment) _bRef: 31/10 _h[electronic resource] |
| 260 |
_aLondon _bDEFRA _c2010 |
||
| 520 | _aConsultation on the draft UK Marine Policy Statement and supporting documents. This policy statement sets out the direction for the use of the seas around the UK marine area and will shape marine plans and licensing decisions. The consultation closes on 13 October 2010. | ||
| 590 | _aKA NTK | ||
| 651 | 4 |
_aUnited Kingdom _y |
|
| 690 | _aPROPERTY-RURAL AND NATURAL ASSETS-MARINE RESOURCES-MARINE RESOURCE MANAGEMENT | ||
| 856 | 4 | 8 |
_uhttps://www.defra.gov.uk/corporate/consult/marine-policy/index.htm _zView the consultation free of charge at www.defra.gov.uk |
| 942 | _n0 | ||
| 999 |
_c110899 _d110899 |
||